Statistics for Countries with the Worst Passports

Click here to take the quiz!

General Stats

  • This quiz has been taken 3,182 times
    (1,548 since last reset)
  • The average score is 17 of 22

Answer Stats

# Country % Correct
49Iran
95%
37Iraq
95%
35Afghanistan
93%
40Syria
92%
50North Korea
91%
42Pakistan
87%
42Somalia
87%
44Yemen
87%
48Sudan
86%
52D.R. Congo
84%
52South Sudan
84%
52Rep. of the Congo
81%
49Libya
81%
50Nigeria
75%
50Eritrea
74%
50Ethiopia
74%
52Lebanon
69%
53Myanmar
68%
50Bangladesh
68%
52Nepal
62%
53Sri Lanka
51%
53Kosovo
40%

Score Distribution

Percentile by Number Answered

Percent of People with Each Score

Your Score History

You have not taken this quiz since the last reset